| 000 | 00000nam 2200000zi 4500 |
| 001 | 9.943249 |
| 003 | CaOODSP |
| 005 | 20250403110824 |
| 006 | m o d f |
| 007 | cr mn||||||||| |
| 008 | 240916e20191205onca obs f000 0 fre d |
| 040 | |aCaOODSP|bfre|erda|cCaOODSP |
| 043 | |an-cn--- |
| 045 | |ax9y1 |
| 086 | 1 |aCS85-002/39-17F-PDF |
| 100 | 1 |aCotter, Adam, |eauteur. |
| 245 | 13|aLa violence fondée sur le sexe et les comportements sexuels non désirés au Canada, 2018 : |bpremiers résultats découlant de l'Enquête sur la sécurité dans les espaces publics et privés / |cpar Adam Cotter et Laura Savage. |
| 246 | 17|aArticle de Juristat - la violence fondée sur le sexe et les comportements sexuels non désirés au Canada, 2018 : |bpremiers résultats découlant de l'Enquête sur la sécurité dans les espaces publics et privés |
| 264 | 1|a[Ottawa] : |bStatistique Canada = Statistics Canada, |c5 décembre 2019. |
| 264 | 4|c©2019 |
| 300 | |a1 ressource en ligne (53 pages) : |billustrations en couleur. |
| 336 | |atexte|btxt|2rdacontent/fre |
| 337 | |ainformatique|bc|2rdamedia/fre |
| 338 | |aressource en ligne|bcr|2rdacarrier/fre |
| 490 | 1 |aJuristat, |x1205-8882 |
| 500 | |aPublié aussi en anglais sous le titre : Gender-based violence and unwanted sexual behaviour in Canada, 2018: initial findings from the Survey of Safety in Public and Private Spaces. |
| 500 | |a« N° 85-002-X au catalogue. » |
| 504 | |aComprend des références bibliographiques. |
| 520 | |a« Cet article de Juristat présente une analyse approfondie des expériences vécues relativement à des comportements inappropriés en public, en ligne et au travail, ainsi que des renseignements portant sur les expériences de victimisation avec violence et les caractéristiques de cette victimisation. Réalisée au moyen des données de l'Enquête sur la sécurité dans les espaces publics et privés de 2018, cette analyse comparative entre les sexes comble une lacune fondamentale en mesurant des comportements sur lesquels aucune autre enquête n'a porté de façon spécifique auparavant » -- Fourni par l'éditeur. |
| 650 | 6|aViolence basée sur le genre|zCanada|vStatistiques. |
| 650 | 6|aViolence sexuelle|zCanada|vStatistiques. |
| 650 | 6|aHarcèlement sexuel|zCanada|vStatistiques. |
| 650 | 6|aVictimes de violence|zCanada|vStatistiques. |
| 650 | 6|aVictimes d'abus sexuels|zCanada|vStatistiques. |
| 655 | 7|aStatistiques|2rvmgf |
| 710 | 2 |aStatistique Canada, |eorganisme de publication. |
| 775 | 08|tGender-based violence and unwanted sexual behaviour in Canada, 2018 : |w(CaOODSP)9.943248 |
| 830 | #0|aJuristat.|w(CaOODSP)9.936877 |
| 856 | 40|qPDF|s2.30 Mo|uhttps://publications.gc.ca/collections/collection_2024/statcan/85-002-x/CS85-002-39-17-fra.pdf |
| 856 | 4 |qHTML|sS.O.|uhttps://www150.statcan.gc.ca/n1/pub/85-002-x/2019001/article/00017-fra.htm |
| 986 | |a85-002-X |